Yankees and samurai : America's role in the emergence of modern Japan: 1791-1900.

Bibliographic Details
Main Author: Dulles, Foster Rhea, 1900-1970
Format: Book
Language:English
Published: New York : Harper & Row, [1965]
Edition:[1st. ed.].
Subjects:

MARC

Tag First Indicator Second Indicator Subfields
LEADER 00000cam a2200000 4500
001 in00000060417
005 20151007082609.0
008 720301s1965 eng u
010 |a  65020427  
035 |a (OCoLC)00253688 
035 |9 AAF8117AM 
040 |c FIN  |d OCL  |d TXA  |d UtOrBLW 
049 |a TXAM  |c [465454] 
050 0 |a E183.8.J3  |b D84 
092 |a 327.52  |b D883y 
100 1 |a Dulles, Foster Rhea,  |d 1900-1970. 
245 1 0 |a Yankees and samurai :  |b America's role in the emergence of modern Japan: 1791-1900. 
250 |a [1st. ed.]. 
264 1 |a New York :  |b Harper & Row,  |c [1965] 
300 |a 275 pages :  |b illustrations, map, portraits ;  |c 22 cm. 
336 |a text  |b txt  |2 rdacontent 
337 |a unmediated  |b n  |2 rdamedia 
338 |a volume  |b nc  |2 rdacarrier 
504 |a "Bibliographical notes": pages 255-268. 
651 0 |a Japan  |x Relations  |z United States. 
651 0 |a United States  |x Relations  |z Japan. 
999 |a MARS 
999 f f |s c8eb51e0-8544-3679-8c84-c9f4989d08f0  |i d39a61f9-d16b-3a28-8ab0-4d91e3d99711  |t 0 
952 f f |p ric  |a Texas A&M University  |b Rellis Campus  |c Joint Library Facility  |d Remote Storage  |t 0  |e E183.8.J3 D84  |h Library of Congress classification  |i unmediated -- volume  |m A14800676418 
998 f f |a E183.8.J3 D84  |t 0  |l Remote Storage